| 000 | 02654nam0a2200433 4500 | ||
|---|---|---|---|
| 001 | RU\NLR\BIBL_A\012672039 | ||
| 005 | 20221004125351.0 | ||
| 010 | _a978-5-91837-394-1 | ||
| 021 |
_aRU _bКН-П-21-056349 _9КН-П-21-4414 |
||
| 035 | _a(NLR Aleph) 012672039 | ||
| 090 |
_a12787831 _c12787831 |
||
| 100 | _a20211221d2021 k y0rusy50 ca | ||
| 101 | 0 | _arus | |
| 102 | _aRU | ||
| 105 | _aa|||z||||||z| | ||
| 181 | 0 |
_ai3 _baxxe |
|
| 182 | 0 | _an | |
| 200 | 1 |
_aТехнологии защиты сотрудников органов внутренних дел от негативного информационно-психологического воздействия _eмонография _fКараяни А.Г., доктор психологическх наук, профессор, заслуженный деятель науки Российской Федерации, Караяни Ю.М., доктор психологическх наук, доцент, Дерешко Б.Ю. кандидат юридических наук, доцент [и др.] _gМВД России, Санкт-Петербургский университет |
|
| 203 |
_aТекст _bвизуальный _cнепосредственный |
||
| 210 |
_aСанкт-Петербург _cИзд-во СПб. ун-та МВД России _d2021 |
||
| 215 |
_a148 с. _cил. _d20 |
||
| 300 | _aАвт. указаны на обороте тит. с. | ||
| 320 | _aБиблиогр.: с. 128-135 (128 назв.) и в подстроч. примеч. | ||
| 606 | 1 |
_aОрганы внутренних дел _xКадры _xПодготовка _xПсихологический аспект _2nlr_sh1 _2nlr_sh2 _3RU\NLR\AUTH\661303148 |
|
| 606 | 1 |
_aИнформационно-психологическая безопасность _2nlr_sh1 _2nlr_sh2 _3RU\NLR\AUTH\661254443 |
|
| 686 | 1 | _aХ621.163.01 | |
| 686 | 1 | _aЮ941.2-69 | |
| 701 | 1 |
_aКараяни _bА. Г. _gАлександр Григорьевич |
|
| 701 | 1 |
_aКараяни _bЮ. М. _gЮлия Михайловна |
|
| 701 | 1 |
_aДерешко _bБ. Ю. _gБогдан Юльевич |
|
| 712 | 0 | 2 |
_aСанкт-Петербургский университет МВД России _3RU\NLR\AUTH\8810013450 _4570 |
| 856 | 4 |
_lVNP_SKP _tVIEW _uhttps://webservices.nlr.ru/viewer/file?name=a012672039_002.txt _yАннотация |
|
| 856 | 4 | 1 |
_lVNP_SKP _tVIEW _uhttps://webservices.nlr.ru/viewer/file?name=t012672039_001.jpeg _yОбложка |
| 942 | _cBOOK | ||
| 980 | 4 | _aVNP_SKP | |
| 980 | _aNB | ||